logo

Bir Sreshtho Munshi Abdur Rouf Library
Jhenaidah Cadet College

Libraries in schools / (Record no. 7934)

MARC details
000 -LEADER
fixed length control field 00663cam a22002531 4500
001 - CONTROL NUMBER
JCCL Control Number 7934
003 - CONTROL NUMBER IDENTIFIER
JCCL marc code BD-JhCC
005 - DATE AND TIME OF LATEST TRANSACTION
control field 20180716185835.0
008 - FIXED-LENGTH DATA ELEMENTS--GENERAL INFORMATION
fixed length control field 750918s1964 xx 000 0 eng
035 ## - SYSTEM CONTROL NUMBER
system control number (BD-JhCC)7934
035 ## - SYSTEM CONTROL NUMBER
system control number (OCoLC)1632453
040 ## - CATALOGING SOURCE
Original cataloging agency DLC
Transcribing agency NFredU
Modifying agency DLC
-- BD-JhCC
041 ## - LANGUAGE CODE
Language code of Book eng
050 00 - LIBRARY OF CONGRESS CALL NUMBER
Classification number Z675.S3
Item number L4 1964
082 ## - DEWEY DECIMAL CLASSIFICATION NUMBER
Author mark and Year LEY 1964
Classification number 027.82
100 1# - MAIN ENTRY--PERSONAL NAME
Personal name Leyland, Eric,
Dates associated with a name 1911-
245 10 - TITLE STATEMENT
Title Libraries in schools /
Statement of responsibility, etc Eric Leyland,
260 ## - PUBLICATION, DISTRIBUTION, ETC. (IMPRINT)
Place of publication, distribution, etc New York,
Name of publisher, distributor, etc Philosophical Library
Date of publication, distribution, etc [1964]
300 ## - PHYSICAL DESCRIPTION
Pagination 143 p.
Dimensions 21 cm.
504 ## - BIBLIOGRAPHY, ETC. NOTE
Bibliography, etc Includes bibliographies.
650 #0 - SUBJECT ADDED ENTRY--TOPICAL TERM
Topical term or geographic name as entry element School libraries.
942 ## - ADDED ENTRY ELEMENTS (KOHA)
Source of classification or shelving scheme Dewey Decimal Classification
Koha item type Books
Holdings
Source of classification or shelving scheme Damaged status Not for loan Home library Current library Shelving location Total Checkouts Full call number Barcode Date last seen Copy number Koha item type
Dewey Decimal Classification     JCC Rouf Library JCC Rouf Library General Stacks   027.82 LEY 1964 10406 02/15/2018 C - 1 Books

JCC Library | Contacts | JCC Home

Last Update on 23 September 2017
Copyright @ 2017-2020 JCC Rouf Library
Rouf Library, Jhenidah Cadet College (JCC), Bangladesh